00722 2200181 4500245003700000020002200037250001100059100001600070700001700086650001700103005001900120260003800139041001400177084000800191300002300199500030900222336000900531 aDonat & SaljucShadi ShadihText a978-979-911-294-1 aCet. 1 aShadi Shadi aAdi Prasetya aNovel Remaja a20231006132529 aYogyakartabMedia Pressindoc2013 aIndonesia a813 a156 hlm. :c19 cm. aLisa membuka tas untuk mengambil tugas fisika, yang akan dipinjam oleh Rina dan Dion. Dan bukan LIsa barbara namanya jika tidak kacau. Beberapa buku berjatuhan, termasuk kotak pensil dan sebuah diary bergambar boneka salju 3 dimensi, pemberi lee- Pujaan hatinya- yang kini melanjutkan studi di australia. atext